000 00180 a2200097 4500
020 _a9780516253121
041 _aspa
100 _aJoanna Emery
245 _aRopa Sucia
942 _cBK
999 _c14909
_d14909